| 000 | 01420nam a22004217a 4500 | ||
|---|---|---|---|
| 001 | 234 | ||
| 003 | FISKH | ||
| 005 | 20230309092708.0 | ||
| 008 | 230309b cb ||||| |||| 00| 0 eng d | ||
| 020 | _a9780439738545 | ||
| 035 | _a(OCoLC)ocm60885900 | ||
| 040 |
_aBKX _cBKX _dBAKER _dDLC _dFISKH _beng |
||
| 050 | 0 | 0 |
_aPZ7.B78973 _bNe 2005 |
| 082 | 0 | 0 |
_a813.54 _222 |
| 100 | 1 | _aBrooke, Lauren. | |
| 245 | 1 | 4 |
_aThe new class / _cby Lauren Brooke. |
| 260 |
_aNew York _bScholastic _c2005 |
||
| 300 |
_a212 p. _c20 cm. |
||
| 490 | 1 |
_aChestnut Hill ; _vv. 1 |
|
| 500 | _a"Apple series." | ||
| 500 | _a"A working partners series." | ||
| 505 | _aO | ||
| 520 | _aWhen Dylan Walsh arrives at Chestnut Hill, an exclusive boarding school in Virginia which emphasizes horsemanship, she realizes that her success will depend on the friends she makes. | ||
| 521 | 0 |
_a820
_bLexile |
|
| 521 | 1 |
_aO
_bRaz-Plus |
|
| 650 | 0 |
_aBoarding schools _zVirginia _vJuvenile fiction. |
|
| 650 | 0 |
_aFriendship _vJuvenile fiction. |
|
| 650 | 0 |
_aHorsemanship _vJuvenile fiction. |
|
| 650 | 1 |
_aFriendship _vFiction. |
|
| 650 | 1 |
_aBoarding schools _vFiction. |
|
| 650 | 1 |
_aSchools _vFiction. |
|
| 650 | 1 |
_aHorsemanship _vFiction. |
|
| 651 | 0 |
_aVirginia _vJuvenile fiction. |
|
| 651 | 1 |
_aVirginia _vFiction. |
|
| 800 | 1 |
_aBrooke, Lauren. _tChestnut Hill ; _v1. |
|
| 906 |
_a7 _bcbc _ccopycat _d2 _encip _f20 _gy-gencatlg |
||
| 942 |
_2ddc _cBK _n0 |
||
| 999 |
_c234 _d234 |
||